01401nam a2200361 a 4500001001200000003000800012006001900020007001500039008004100054010001700095020001500112020002100127040002100148035002000169050002200189082001500211100002500226245008500251260006800336300003300404490004500437504006600482533015200548650002800700650003000728650002600758650002000784655002900804710001700833830004600850856012600896999001701022ebr10014611CaPaEBRm u cr cn|||||||||001030s2001 enkab sb 001 0 eng  z 00052925  z0521791383 z0521794757 (pb.) aCaPaEBRcCaPaEBR a(OCoLC)5129691614aP140b.M84 2001eb04a417/.72211 aMufwene, Salikoko S.14aThe ecology of language evolutionh[electronic resource] /cSalikoko S. Mufwene. aCambridge, UK ;aNew York :bCambridge University Press,c2001. axviii, 255 p. :bill., maps.1 aCambridge approaches to language contact aIncludes bibliographical references (p. 226-245) and indexes. aElectronic reproduction.bPalo Alto, Calif. :cebrary,d2013.nAvailable via World Wide Web.nAccess may be limited to ebrary affiliated libraries. 0aHistorical linguistics. 0aCreole dialectsxHistory. 0aLanguages in contact. 0aSocial ecology. 7aElectronic books.2local2 aebrary, Inc. 0aCambridge approaches to language contact.40uhttp://site.ebrary.com/lib/rucke/Doc?id=10014611zAn electronic book accessible through the World Wide Web; click to view c13176d13176